مكتبة جامعة عجلون الوطنية

فهرس بحث المكتبة

التأثر والتأثير بين روايتي "الخيميائي" لباولو كويلر، و"رحلة ابن فطومة" لنجيب محفوظ : (دراسة مقارنة) = Influence and Being Influenced Between the novels "The Alchemist" by Paulo Coelho and "The Journey of Ibn Fatouma" by Naguib Mahfouz : (A comparative study) (Record no. 33907)

MARC details
000 -LEADER
fixed length control field 01197nam a22001817a 4500
003 - CONTROL NUMBER IDENTIFIER
control field JO-AjAnu
005 - DATE AND TIME OF LATEST TRANSACTION
control field 20250323102616.0
008 - FIXED-LENGTH DATA ELEMENTS--GENERAL INFORMATION
fixed length control field 250316b jo ||||| |||| 00| 0 ara d
040 ## - CATALOGING SOURCE
Transcribing agency JO-AjAnu
100 ## - MAIN ENTRY--PERSONAL NAME
Personal name بني عطا، معاذ محمد جمال
Relator term معد
9 (RLIN) 66529
245 ## - TITLE STATEMENT
Title التأثر والتأثير بين روايتي "الخيميائي" لباولو كويلر، و"رحلة ابن فطومة" لنجيب محفوظ : (دراسة مقارنة) = Influence and Being Influenced Between the novels "The Alchemist" by Paulo Coelho and "The Journey of Ibn Fatouma" by Naguib Mahfouz : (A comparative study)
Statement of responsibility, etc. / اعداد معاذ محمد جمال بني عطا ؛ اشراف عبد الرحيم مراشدة
260 ## - PUBLICATION, DISTRIBUTION, ETC.
Date of publication, distribution, etc. 2025
300 ## - PHYSICAL DESCRIPTION
Extent 149 ورقة
500 ## - GENERAL NOTE
General note رسالة جامعية ( رسالة ماجستير في اللغة العربية) - جامعة عجلون الوطنية، (عجلون،الاردن) - كلية الآداب، قسم اللغة العربية، 2025.<br/><br/>
650 ## - SUBJECT ADDED ENTRY--TOPICAL TERM
Form subdivision الادب المقارن-الادب العربي-الادب الغربي-تاريخ ونقد
700 ## - ADDED ENTRY--PERSONAL NAME
Personal name مراشدة، عبدالرحيم
9 (RLIN) 63488
942 ## - ADDED ENTRY ELEMENTS (KOHA)
Source of classification or shelving scheme Library of Congress Classification
Koha item type Thesis
Suppress in OPAC No
Holdings
Withdrawn status Lost status Source of classification or shelving scheme Damaged status Not for loan Home library Current library Date acquired Total Checkouts Full call number Barcode Date last seen Price effective from Koha item type
    Library of Congress Classification     مكتبة جامعة عجلون الوطنية مكتبة جامعة عجلون الوطنية 16/03/2025   PN879.2025 A30188 16/03/2025 16/03/2025 Thesis
    Library of Congress Classification     مكتبة جامعة عجلون الوطنية مكتبة جامعة عجلون الوطنية 16/03/2025   PN879.2025 A30189 16/03/2025 16/03/2025 Thesis